Central-Library-PUMHS

Online Public Access Catalogue

Welcome to PUMHS Central Library Nawabshah, SBA

Basic of Pediatrics (Record no. 37939)

000 -LEADER
fixed length control field 00297nam a22001457a 4500
082 ## - DEWEY DECIMAL CLASSIFICATION NUMBER
Classification number 618.92 KHA
100 ## - MAIN ENTRY--AUTHOR NAME
Personal name Khan Pervez Akbar
245 ## - TITLE STATEMENT
Title Basic of Pediatrics
250 ## - EDITION STATEMENT
Edition statement 11th Edition
260 ## - PUBLICATION, DISTRIBUTION, ETC. (IMPRINT)
Year of publication 2024
300 ## - PHYSICAL DESCRIPTION
Number of Pages 463
490 ## - SERIES STATEMENT
Series statement 11th Edition
650 ## - SUBJECT ADDED ENTRY--TOPICAL TERM
Topical Term Pediatrics
942 ## - ADDED ENTRY ELEMENTS (KOHA)
Koha item type Books
Holdings
Withdrawn status Lost status Permanent Location Current Location Shelving location Date acquired Source of acquisition Cost, normal purchase price Full call number Accession Number Koha item type
    Central Library New Campus PUMHS Nawabshah,(SBA) Central Library New Campus PUMHS Nawabshah,(SBA) Public Health Library 2026-03-07 M/S Allied Bill No A 25050055 Date 13/5/2025 1695.75 618.92 KHA 41255 Ref Books
    Central Library New Campus PUMHS Nawabshah,(SBA) Central Library New Campus PUMHS Nawabshah,(SBA) Public Health Library 2026-03-07 M/S Allied Bill No A 25050055 Date 13/5/2025 1695.75 618.92 KHA 41256 Ref Books

Copyright © 2018,The PUMHSW, Nawabshah, Shaheed Benazirabad. All rights reserved
Mr. Abdul Sattar Mahar (Chief Librarian) PUMHSW, Nawabshah, Sindh, Pakistan 67480.
Ph#: | 0244-9370425 Ext. 2241 Email| librarian@pumhs.edu.pk Web| http://www.pumhs.edu.pk
سنڌي ڪي بورڊ